000 00869 a2200193 4500
999 _c4990
_d4990
020 _a047118179X (alk. paper)
050 0 0 _aQA 184 PEN 1998
100 1 _aPenney, Richard C.
_eauthor
245 1 0 _aLinear algebra :
_bideas and applications /
_cRichard C. Penney.
264 _aNew York :
_bJohn Wiley & Sons
_c1998
300 _axvi, 382 p. :
_bill. ;
500 _aIncludes index.
650 0 _aAlgebras, Linear.
856 4 2 _3Publisher description
_uhttp://www.loc.gov/catdir/description/wiley034/97017169.html
856 4 _3Table of Contents only
_uhttp://www.loc.gov/catdir/toc/onix05/97017169.html
856 4 2 _3Contributor biographical information
_uhttp://www.loc.gov/catdir/enhancements/fy0607/97017169-b.html
942 _2lcc
_cBK
_h184
_iPEN
_kQA